Grillparzer und Kant

Gespeichert in:
Bibliographische Detailangaben
1. Verfasser: STORI, Fritz, 1907
Format: Buch
Sprache:Englisch
Veröffentlicht: Huber 1935
Tags: Tag hinzufügen
Keine Tags, Fügen Sie den ersten Tag hinzu!

MARC

LEADER 00000nam a22000007a 4500
008 201222b ||||| |||| 00| 0 eng d
100 |a STORI, Fritz, 1907  
245 |a Grillparzer und Kant  |c Fritz Stori 
260 |b Huber  |c  1935  |h  Frauenfeld  |i 79048  |l PT2272 .St6   |m Grillparzer, Franz, 1791 – 1872 
500 |a (Wegezur Dichtung, Band xx 
942 |a lcc  |c BK  |e ADEYEYE Y. S.  |f 22/12/2020 
952 |0 0  |1 0  |2 lcc  |4 0  |6 PT2272 S T6  |7 0  |9 1135  |a HOL  |b HOL  |c LP  |d 2020-12-22  |l 0  |o PT2272 .St6  |p 2020-230342  |r 2020-12-22 00:00:00  |w 2020-12-22  |y BK 
999 |c 592  |d 592